000 00712nam a2200253Ia 4500
003 OSt
005 20221007081945.0
006 a|||||r|||| 00| 0
007 ta
008 221006b |||||||| |||| 00| 0 eng d
024 _a28,416
037 _cTextual
040 _aFLL
_cFLL
_beng
041 _2eng
_aeng
082 _aZ73:82, K8
100 _aEhrenzweig Albert A.
245 0 _aJurisdiction in a nutshell state and federal
250 _a2nd
260 _aSt. Paul ,
_bMinn. West Publishing Co. St. Minn.
_c1968
300 _axxxix,315p
_ccm.
700 _a Louisell David W.
942 _hZ73:82, K8
_cTEXL
_2CC
999 _c1164852
_d1164852